Komentár k poslednej novelizácii zákona o DPH

Posledná schválená novelizácia zákona o dani z pridanej hodnoty (DPH) bola prijatá najmä z dôvodu prijatia novelizácie zákona o konkurze a vyrovnaní, ktorá spolu s novelizáciou zákona o DPH nadobudla účinnosť od 1.8.2000. Komentár k jednotlivým zmeneným ustanoveniam zákona č. .../2000, ktorým sa men...

ver descrição completa

Na minha lista:
Detalhes bibliográficos
Autor principal: Zuziková, Alena
Formato: Capítulo de Livro
Idioma:eslovaco
Assuntos:
Tags: Adicionar Tag
Sem tags, seja o primeiro a adicionar uma tag!

MARC

LEADER 00000naa a2200000 4500
001 r039397
005 20230926083141.7
041 0 |a slo 
044 |a SK 
245 1 0 |a Komentár k poslednej novelizácii zákona o DPH  |c Alena Zúziková 
520 |a Posledná schválená novelizácia zákona o dani z pridanej hodnoty (DPH) bola prijatá najmä z dôvodu prijatia novelizácie zákona o konkurze a vyrovnaní, ktorá spolu s novelizáciou zákona o DPH nadobudla účinnosť od 1.8.2000. Komentár k jednotlivým zmeneným ustanoveniam zákona č. .../2000, ktorým sa mení a dopĺňa zákon o dani z pridanej hodnoty v znení neskorších predpisov. 
610 2 0 |a dane z hodnoty pridanej 
610 2 0 |a zákony 
610 2 0 |a novelizácia 
610 2 0 |a Slovensko 
610 2 0 |a komentáre 
610 2 0 |a 2000 
100 1 |a Zuziková, Alena